000 03236nam0a22004091 4500
001 v19\rc\1854404
005 20260407183702.0
035 _a(NLR Aleph) 004948970
090 _a5861914
_c5861914
100 _a20080221d1909 k y0rusy50 ca
101 0 _arus
102 _aRU
105 _ab z |||||
200 1 _aСхема путей сообщения Дальнего Востока
_eпо запискам "Si vis pacem - para bellum" 1907-1909 гг. К.Э. Ласского
_aПути сообщения Дальнего Востока
_eчитано в Общем Собрании XI Съезда Русских Деятелей по водным путям 20 февраля 1909 года
_eтруды XI Съезда Русских Деятелей по водяным путям
_fК.Э. Ласский
210 _aС.-Петербург
_cПаровая Скоропечатня М.М. Гутзаца
_d1909
215 _a14, 1 л. карт., 24 с.,
_cкарт.
_d22
225 1 _aТруды Одиннадцатого Съезда Русских деятелей по водяным путям 1909 г.
_eчертежи и доклады
_v[15]
300 _aВ части тиража надзаг. данные отсутствуют
309 _a2-е произведение имеет отдельный тит. л. и самостоятельную пагинацию
_aНа издат. обл. указано только 1-е произведение
_a1-е произведение без отдельного тит.л., описано по обл.
311 _aЗаключительные выводы по запискам "Si vis pacem - para bellum" К.Э. Ласского, [1909]. (шифр: 34.85.2.220)
316 _aЭкз. РНБ на шифре 134/805 (15) вложен с 24-мя другими книгами в папку с загл.: Труды Одиннадцатого съезда русских деятелей по водяным путям в 1909 г.
_5NLR: 134/805 (15)
421 0 _11010#$arus
_12001#$aЗаключительные выводы по запискам "Si vis pacem - para bellum" К.Э. Ласского$iО путях сообщения Дальнего Востока
_1210##$d[1909]
_1215##$a[4] с.$cкарт.$d33
_1899##$aNLR$j34.85.2.220
_1899##$aRuMoRGB$jU 44/166
_1899##$aRuMoRGB$jB 19/929
_1899##$aБАН
_tЗаключительные выводы по запискам "Si vis pacem - para bellum" К.Э. Ласского
517 0 _aТруды Одиннадцатого съезда рус. деятелей по водяным путям в 1909 г.
700 1 _aЛасский
_bК. Э.
_gКазимир Эдуардович
712 1 2 _4570
_aСъезд русских деятелей по водным путям сообщения
_d11
_f1909
_eПетербург
_3RU\NLR\AUTH\8810119368
_9737356
801 0 _aRU
_bNLR
_gpsbo
801 0 _aRU
_bRuMoRGB
_2psbo
801 1 _aRU
_bProSoft-M
_2rusmarc
801 2 _aRU
_bNLR
_c20150306
_2rusmarc
852 _aNLR
_j34.87.2.517
852 _aNLR
_j34-11/624
852 _aNLR
_j134/805 (15)
899 _aRuMoRGB
_jU 44/166
899 _aRuMoRGB
_jB 19/929
899 _aБАН
942 _cBOOK
980 _aNB